Измерение качества работы; Международное руководство по измерению эффективности работы университетских и других научных библиотек: пер. с англ.

Xehetasun bibliografikoak
Egile nagusia: Полл Р. Розвита
Beste egile batzuk: Бокхорст П. те Петер те
Hizkuntza:errusiera
ingelesa
Argitaratua: Москва, Логос, 2001
Gaiak:
Formatua: Liburua
KOHA link:https://koha.lib.tpu.ru/cgi-bin/koha/opac-detail.pl?biblionumber=40334

MARC

LEADER 00000nam0a2200000 4500
001 40334
005 20231031012606.0
010 |a 5940100465 
035 |a (RuTPU)RU\TPU\book\41378 
090 |a 40334 
100 |a 20020513d2001 k y0rusy50 ca 
101 1 |a rus  |a eng 
102 |a RU 
105 |a y z 001zy 
200 1 |a Измерение качества работы  |a Международное руководство по измерению эффективности работы университетских и других научных библиотек  |e пер. с англ.  |f Р. Полл, П. те Бокхорст 
210 |a Москва  |c Логос  |d 2001 
215 |a 152 с. 
320 |a Библиогр.: с. 122-151. 
610 1 |a библиотечное дело 
610 1 |a библиотековедение 
610 1 |a университетские библиотеки 
610 1 |a научные библиотеки 
610 1 |a эффективность работы 
610 1 |a обслуживание 
610 1 |a читатели 
610 1 |a фонды 
610 1 |a использование 
686 |a Ч734(4/8)  |2 rubbk 
700 1 |a Полл  |b Р.  |g Розвита 
701 1 |a Бокхорст  |b П. те  |g Петер те 
801 1 |a RU  |b 63413507  |c 20020513  |g PSBO 
801 2 |a RU  |b 63413507  |c 20220714  |g PSBO 
942 |c BK